| 000 | 00440nam a2200133Ia 4500 | ||
|---|---|---|---|
| 008 | 220214s9999 xx 000 0 und d | ||
| 245 | 0 | _aWHEELS OF INDIA | |
| 260 |
_bWheel Publications, New Delhi _aIndia |
||
| 310 | _a26y | ||
| 500 | _aEnding Volume & Year: 18, 2000 | ||
| 500 | _aMissing Volume: 10(1-3);11(3);12(26);13(15,20-26);14(1,12,15,21);15(11-26);16(5,21);17(7);18(3) | ||
| 500 | _aStarting Volume & Year: 10, 1992 | ||
| 942 | _cBJ | ||
| 999 |
_c18557 _d18557 |
||